000 00826cam a22001814a 4500
005 20250605164029.0
008 250528s ||||||||||||||||||||||||d
035 _a16577
040 _aGR-AtMCL
_bgre
_dGR-AtMCL
_eAACR2
245 1 _aΟργανολογία / Ηλεκτρονικά Όργανα Μετρήσεων
260 _bΑθήνα,
_c1973
300 _a118
520 _aΠρόλογος, Εισαγωγή, Βασικά Όργανα, Πολύμετρα, Μετρηταί Ισχύος, Ηλεκτρονικά Βολτόμετρα, Αριθμητικά Βολτόμετρα, Γέφυραι Μετρήσεως R.C.L., Γεννήτριαι - Ταλάντωται, Μετάφρασις Ξένων Όρων.
700 1 _aΖερβάκος Ανδρέας
_92668
942 _cBK
999 _c2065
_d2065